[Event "Match"]
[Site "www.echecsemail.com"]
[Date "2017.07.28"]
[Round "1"]
[White "Cal"]
[Black "Azocarfreund"]
[WhiteElo "1640"]
[BlackElo "1969"]
[Result "1-0"]
[Round "1"]
1.c4 c5
2.Ng1f3 f6
3.e4 e5
4.Nb1c3 b6
5.h3 Nb8c6
6.a3 Bc8b7
7.Bf1e2 Qd8e7
8.O-O Qe7d6
9.d3 O-O-O
10.Nc3d5 Nc6a5
11.Nf3h4 g6
12.b4 Na5c6
13.bxc5 Qd6xc5
14.Bc1b2 Nc6e7
15.Kh2 Bb7xd5
16.cxd5 Qc5d6
17.Ra1c1 Kb7
18.Qd1a4 g5
19.Nh4f3 Bf8h6
20.Bb2c3 f5
21.Bc3xe5 Qd6g6
22.Rc1c7 Ka8
23.Qa4xa7 { resign }
1-0

[Event "Match"]
[Site "www.echecsemail.com"]
[Date "2017.07.28"]
[Round "1"]
[White "Chapi"]
[Black "Pforjan"]
[WhiteElo "2160"]
[BlackElo "2169"]
[Result "0-1"]
[Round "1"]
1.d4 Ng8f6
2.c4 e5
3.Bc1g5 exd4
4.Qd1xd4 Bf8e7
5.Nb1c3 Nb8c6
6.Qd4d1 O-O
7.Ng1f3 Rf8e8
8.e3 h6
9.Bg5h4 Nf6g4
10.Bh4g3 Be7b4
11.Ra1c1 d6
12.Bf1e2 Ng4e5
13.O-O Bb4xc3
14.Rc1xc3 Bc8f5
15.Nf3d4 Bf5h7
16.Nd4xc6 Ne5xc6
17.Be2h5 Qd8e7
18.Qd1b3 Ra8b8
19.c5 dxc5
20.Bg3h4 g5
21.Bh4g3 Nc6a5
22.Qb3a4 b6
23.Qa4g4 Re8d8
24.h4 f5
25.Qg4e2 Rd8d7
26.Rf1d1 Rb8d8
27.Rc3d3 c4
28.Rd3xd7 Rd8xd7
29.Rd1xd7 Qe7xd7
30.b4 cxb3
31.axb3 c5
32.Qe2a2 Qd7d5
33.Qa2a4 Qd5c6
34.hxg5 Qc6xa4
35.bxa4 hxg5
36.Bh5e8 Kf8
37.Be8b5 Ke7
38.Bg3b8 Kd8
39.Bb5d3 Na5c6
40.Bb8d6 Kd7
41.Bd6f8 Nc6e5
42.Bd3e2 Bh7g8
43.f4 Bg8c4
44.Kf2 gxf4
45.exf4 Bc4xe2
46.Kxe2 Ne5g6
47.Bf8h6 a6
48.Kd3 b5
49.axb5 axb5
50.g3 Ke6
51.Bh6g7 Kd5
52.Bg7f6 b4
53.Kc2 c4
54.Kb2 Ke4
55.Bf6d8 Kd3
56.Bd8a5 c3
57.Kc1 b3
{ resign }
0-1

[Event "Match"]
[Site "www.echecsemail.com"]
[Date "2017.07.28"]
[Round "1"]
[White "Claymil"]
[Black "Mrmoto"]
[WhiteElo "2040"]
[BlackElo "1650"]
[Result "1-0"]
[Round "1"]
1.c4 e5
2.Nb1c3 Ng8f6
3.g3 d5
4.cxd5 Nf6xd5
5.Bf1g2 Nd5xc3
6.bxc3 c6
7.Qd1c2 f6
8.e3 Bc8e6
9.Ng1e2 Bf8c5
10.d4 exd4
11.cxd4 Bc5b6
12.O-O O-O
13.Ne2f4 Be6f7
14.Bc1b2 Nb8d7
15.Rf1d1 g5
16.Nf4d3 Bf7g6
17.Qc2c3 Ra8c8
18.a4 Kg7
19.Nd3e1 Bb6a5
20.Qc3b3 Qd8c7
21.Ra1c1 Bg6f7
22.Qb3c2 Bf7g6
23.Ne1d3 Bg6h5
24.f3 Kg8
25.Bb2a3 Rf8e8
26.g4 Bh5g6
27.e4 h5
28.Nd3f2 hxg4
29.Nf2xg4 f5
30.exf5 Bg6h7
31.d5 Ba5b6
32.Kh1 Qc7f4
33.Qc2b1 Bh7xf5
34.Ng4h6 Kg7
35.Nh6xf5 Kf6
36.Nf5d6 Re8h8
37.Nd6e4 Kf7
38.Ne4d6 { resign }
1-0

[Event "Match"]
[Site "www.echecsemail.com"]
[Date "2017.07.28"]
[Round "1"]
[White "Silikon"]
[Black "Ditto"]
[WhiteElo "1840"]
[BlackElo "1800"]
[Result "1-0"]
[Round "1"]
1.e4 e5
2.Ng1f3 Nb8c6
3.Bf1c4 Ng8f6
4.Nb1c3 Bf8b4
5.O-O d6
6.Bc4b5 O-O
7.d4 Bc8g4
8.d5 Nc6d4
9.Bb5e2 Bb4c5
10.Bc1g5 a6
11.a4 Bc5b6
12.b4 Nd4e6
13.dxe6 Bg4xe6
14.Nc3d5 Be6xd5
15.exd5 h6
16.Bg5xh6 gxh6
17.Qd1d2 Nf6e4
18.Qd2xh6 Ne4f6
19.Nf3g5 Qd8e7
20.Ra1a3 e4
21.Ra3h3 { resign }
1-0

[Event "Match"]
[Site "www.echecsemail.com"]
[Date "2017.07.28"]
[Round "1"]
[White "Ditto"]
[Black "Roque1"]
[WhiteElo "1790"]
[BlackElo "1990"]
[Result "0-1"]
[Round "1"]
1.e4 c5
2.Bf1c4 Ng8f6
3.d3 e6
4.Bc1g5 Bf8e7
5.Ng1f3 Qd8b6
6.Bg5c1 O-O
7.Nb1c3 d6
8.a3 Nb8c6
9.O-O Bc8d7
10.Rf1e1 e5
11.Nf3g5 Nc6d4
12.Nc3d5 Nf6xd5
13.Bc4xd5 Be7xg5
14.Bc1xg5 Qb6xb2
15.Ra1b1 Qb2xa3
16.Rb1xb7 Bd7a4
17.Bg5e7 Rf8e8
18.Be7xd6 Nd4xc2
19.Re1f1 Nc2e3
20.Qd1a1 Qa3xd3
21.Bd5xf7 Kh8
22.Bf7xe8 Ne3xf1
23.Bd6xe5 Ra8xe8
24.Be5xg7 Kg8
25.Qa1a2 Ba4b3
26.Rb7xb3 Qd3c4
27.Qa2b2 Nf1d2
28.Bg7h8 Qc4f1

0-1

[Event "1/8 Finale"]
[Site "www.chess-mail.com"]
[Date "2017.07.28"]
[Round "1"]
[White "Egdiogel"]
[Black "Madz123456"]
[WhiteElo "2390"]
[BlackElo "1940"]
[Result "1-0"]
[Round "1"]
1.e4 c5
2.Ng1f3 d6
3.d4 cxd4
4.Nf3xd4 Ng8f6
5.Nb1c3 a6
6.Qd1d3 e5
7.Nd4f5 Bc8xf5
8.exf5 e4
9.Qd3h3 Nb8d7
10.g4 d5
11.Bc1e3 Bf8b4
12.g5 Nf6g8
13.Be3d2  { time }
1-0

[Event "Tourn. n9274"]
[Site "www.chess-mail.com"]
[Date "2017.07.29"]
[Round "1"]
[White "Rons"]
[Black "Danquigley"]
[WhiteElo "2550"]
[BlackElo "2540"]
[Result "1/2-1/2"]
[Round "1"]
1.e4 c5
2.Ng1f3 a6
3.c4 Nb8c6
4.d4 cxd4
5.Nf3xd4 e5
6.Nd4f5 Ng8f6
7.Nb1c3 d6
8.Bc1g5 Bc8xf5
9.exf5 Bf8e7
10.Bf1d3 O-O
11.O-O Nc6d4
12.Rf1e1 Ra8c8
13.Ra1b1 h6
14.Bg5xf6 Be7xf6
15.Qd1g4 Kh7
16.a4 Nd4b3
17.Re1e3 Kh8
18.Nc3d5 Rf8g8
19.Re3h3 a5
20.Rb1e1 Nb3c5
21.Qg4d1 Bf6g5
22.Bd3c2 Nc5d7
23.b3 Rg8e8
24.Qd1h5 Kg8
25.Bc2e4 b6
26.Rh3g3 Nd7f6
27.Nd5xf6 Qd8xf6
28.Rg3g4 Kh8
29.Re1d1 Qf6e7
30.Rg4g3 Re8d8
31.Rg3d3 Kg8
32.g3 Rd8d7
33.h4 Bg5f6
34.Rd1d2 Qe7d8
35.Qh5d1 Qd8c7
36.Rd3xd6 Rd7xd6
37.Rd2xd6 Rc8d8
38.Rd6xd8 Qc7xd8
39.Be4d5 Qd8d7
40.Qd1h5 Bf6d8
41.Kg2 Bd8f6
42.g4 Qd7e7
43.g5 hxg5
44.hxg5 Bf6xg5
45.Bd5xf7 Kf8
46.Bf7e6 Bg5h6
47.Kf1 Qe7e8
48.Qh5d1 Ke7
49.Qd1f3 Qe8d8
50.c5 Qd8c7
51.Qf3h5 bxc5
52.Be6c4 Qc7d6
53.Qh5f7 Kd8
54.Bc4e2 e4
55.Qf7a7 e3
56.Qa7xa5 Ke7
57.Qa5c3 Qd6d5
58.fxe3 Qd5xf5
59.Ke1 Kd6
60.Be2b5 Qf5e4
61.Kf2 Qe4h4
62.Ke2 Qh4g4
63.Kd3 Qg4f3
64.Kd2 Qf3g2
65.Bb5e2 Qg2e4
66.Qc3d3 Qe4d4
67.Qd3xd4 cxd4
68.b4 Bh6xe3
69.Kd3 Kc6
70.Kc4 Kc7
71.a5 Be3d2
72.Kb5 g5
73.a6 Bd2e3
74.Be2d3 g4
75.Bd3e4 Kb8
76.Kc6 Ka7
77.b5 d3
78.Be4xd3 { draw }
1/2-1/2

[Event "Tourn. n9428"]
[Site "www.chess-mail.com"]
[Date "2017.07.29"]
[Round "1"]
[White "Amaya"]
[Black "Malbertan"]
[WhiteElo "1970"]
[BlackElo "2040"]
[Result "1-0"]
[Round "1"]
1.d4 Ng8f6
2.e3 c5
3.c3 Nb8c6
4.Bf1d3 d5
5.f4 c4
6.Bd3c2 Bc8g4
7.Ng1f3 e6
8.Nb1d2 b5
9.O-O b4
10.Qd1e1 Bf8d6
11.Nf3e5 bxc3
12.bxc3 Bd6xe5
13.fxe5 Nf6d7
14.e4 Qd8a5
15.Qe1g3 Bg4h5
16.exd5 exd5
17.Nd2b1 Bh5g6
18.Bc2xg6 hxg6
19.Bc1g5 Nc6e7
20.Bg5xe7 Kxe7
21.Qg3g5 Ke6
22.a3 Rh8h5
23.Qg5g4 Ke7
24.Qg4f3 Rh5f5
25.Qf3e2 Rf5xf1
26.Qe2xf1 Nd7f8
27.Qf1f3 Nf8e6
28.Nb1d2 Ra8h8
29.Ra1f1 Rh8f8
30.Rf1b1 Qa5xa3
31.Nd2xc4 Qa3a2
32.Rb1b7 Ke8
33.Qf3xd5 Qa2a1
34.Kf2 Qa1a2
35.Kg3 Qa2a4
36.Rb7b8 { resign }
1-0

[Event "Tourn. n9381"]
[Site "www.chess-mail.com"]
[Date "2017.07.29"]
[Round "1"]
[White "Passaroa25"]
[Black "Azulmarino"]
[WhiteElo "1630"]
[BlackElo "1570"]
[Result "1-0"]
[Round "1"]
1.e4 d5
2.d3 e5
3.Ng1e2 d4
4.Ne2g3 Ng8f6
5.f3 Bf8b4
6.Bc1d2 Bb4c5
7.Qd1e2 Bc8e6
8.Qe2f2 O-O
9.Bf1e2 Nb8c6
10.a3 Qd8d6
11.O-O Nc6e7
12.c4 dxc3
13.Bd2e3 c2
14.Be3xc5 Qd6c6
15.Nb1c3 Be6b3
16.Bc5xe7 Rf8e8
17.Be7b4 Qc6e6
18.Ng3f5 b6
19.Nf5e7 Re8xe7
20.Bb4xe7 Qe6xe7
21.Nc3d5 Bb3xd5
22.exd5 Qe7c5
23.Qf2xc5 bxc5
24.Ra1c1 Nf6xd5
25.Rf1e1 Ra8b8
26.Rc1xc2 Rb8b5
27.Rc2d2 Nd5e3
28.g4 g5
29.d4 exd4
30.Be2xb5 Ne3d5
31.Re1e8 Kg7
32.Re8e5 Nd5b6
33.Re5xg5 Kh6
34.Rg5xc5 Nb6c8
35.Rc5xc7 Nc8d6
36.Rc7c6 f5
37.Rc6xd6 Kg5
38.Rd2xd4 { resign }
1-0

[Event "Tourn. n9393"]
[Site "www.chess-mail.com"]
[Date "2017.07.29"]
[Round "1"]
[White "Redapond1"]
[Black "Castletyme"]
[WhiteElo "1930"]
[BlackElo "1990"]
[Result "1-0"]
[Round "1"]
1.d4 e6
2.Bc1f4 Nb8c6
3.Nb1c3 a6
4.d5 Nc6b4
5.e4 g5
6.Bf4e5 f6
7.Be5g3 h5
8.h4 a5
9.a3 gxh4
10.Bg3xh4 Nb4a6
11.dxe6 dxe6
12.Qd1f3 Ra8b8
13.Bf1b5 c6
14.Bb5d3 Bf8g7
15.Bd3xa6 bxa6
16.Ra1b1 Bc8d7
17.Ng1e2 Ng8h6
18.Qf3xh5 Ke7
19.Qh5g6 Qd8g8
20.e5 Rb8f8
21.exf6 Bg7xf6
22.Bh4xf6  { time }
1-0

[Event "Tourn. n9441"]
[Site "www.chess-mail.com"]
[Date "2017.07.29"]
[Round "1"]
[White "Prize64"]
[Black "Madz123456"]
[WhiteElo "2040"]
[BlackElo "2010"]
[Result "1-0"]
[Round "1"]
1.e4 c5
2.Ng1f3 d6
3.d4 cxd4
4.Nf3xd4 Ng8f6
5.f3 e6
6.c4 Bf8e7
7.Nb1c3 O-O
8.Bc1e3  { time }
1-0

[Event "Tourn. n9440"]
[Site "www.chess-mail.com"]
[Date "2017.07.29"]
[Round "1"]
[White "Pellix84"]
[Black "Madz123456"]
[WhiteElo "2110"]
[BlackElo "2010"]
[Result "1-0"]
[Round "1"]
1.d4 Ng8f6
2.c4 e6
3.Ng1f3 b6
4.Nb1c3 Bc8b7
5.e3 Bf8b4
6.Bf1d3 Nf6e4
7.Qd1c2 f5
8.O-O Bb4xc3
9.bxc3 O-O
10.Bc1a3 c5
11.Ra1b1 d6
12.Nf3d2 Ne4xd2
13.Qc2xd2 Nb8c6
14.Bd3e2  { time }
1-0

[Event "Tourn. n9377"]
[Site "www.chess-mail.com"]
[Date "2017.07.29"]
[Round "1"]
[White "Darko10"]
[Black "Seger"]
[WhiteElo "2800"]
[BlackElo "2650"]
[Result "1/2-1/2"]
[Round "1"]
1.Ng1f3 d5
2.g3 c5
3.Bf1g2 Nb8c6
4.d4 e6
5.O-O cxd4
6.Nf3xd4 Bf8c5
7.Nd4b3 Bc5b6
8.c4 Ng8e7
9.cxd5 Ne7xd5
10.Nb1c3 O-O
11.Nc3a4 Qd8c7
12.Qd1c2 Bc8d7
13.Na4xb6 axb6
14.a3 Rf8c8
15.Rf1d1 h6
16.e4 Nd5f6
17.f3 e5
18.Bc1e3 Bd7e6
19.Ra1c1 Qc7e7
20.Nb3a1 Nc6a5
21.Qc2f2 Na5c4
22.Be3xb6 Nf6d7
23.Bb6e3 Nc4xe3
24.Rc1xc8 Ra8xc8
25.Qf2xe3 Nd7c5
26.Rd1c1 Qe7d8
27.b3 Nc5d3
28.Rc1d1 Qd8d4
29.Qe3xd4 exd4
30.Rd1xd3 Rc8c1
31.Kf2 Rc1xa1
32.Bg2f1 Ra1xa3
33.Rd3xd4 { draw }
1/2-1/2

[Event "Tourn. n9454"]
[Site "www.chess-mail.com"]
[Date "2017.07.29"]
[Round "1"]
[White "Panamski"]
[Black "Astroboy"]
[WhiteElo "2220"]
[BlackElo "2300"]
[Result "0-1"]
[Round "1"]
1.Ng1f3 d5
2.g3 c5
3.Bf1g2 Nb8c6
4.d3 e5
5.O-O Ng8f6
6.a3 Bf8d6
7.Bc1g5 h6
8.Bg5xf6 Qd8xf6
9.Nb1c3 Bc8e6
10.Nf3d2 d4
11.Nc3e4 Qf6e7
12.Ne4xd6 Qe7xd6
13.Nd2e4 Qd6e7
14.c4 f5
15.Ne4d2 O-O
16.Qd1a4 e4
17.dxe4 fxe4
18.Nd2xe4 Be6f5
19.f3 Ra8e8
20.Qa4b5 Bf5xe4
21.fxe4 Nc6e5
22.b4 b6
23.bxc5 bxc5
24.Rf1xf8 Re8xf8
25.Ra1b1 Qe7g5
26.Qb5xc5 Ne5f3
27.Bg2xf3 Qg5xc5
{ resign }
0-1

[Event "Tourn. n9440"]
[Site "www.chess-mail.com"]
[Date "2017.07.29"]
[Round "1"]
[White "Madz123456"]
[Black "Astroboy"]
[WhiteElo "2010"]
[BlackElo "2210"]
[Result "0-1"]
[Round "1"]
1.c4 g6
2.d4 Ng8f6
3.Nb1c3 d5
4.Bc1f4 Bf8g7
5.e3 O-O
6.Ra1c1 c5
7.dxc5 Bc8e6
8.Ng1e2 Nb8c6
9.cxd5 Nf6xd5
10.Nc3xd5 Qd8xd5
11.Qd1xd5 Be6xd5
12.Ne2c3 Bg7xc3
13.Rc1xc3 Bd5xa2
 { time }
0-1

[Event "Tourn. n9438"]
[Site "www.chess-mail.com"]
[Date "2017.07.29"]
[Round "1"]
[White "Fabos12"]
[Black "Cjood"]
[WhiteElo "1910"]
[BlackElo "1940"]
[Result "1-0"]
[Round "1"]
1.d4 b6
2.c4 Bc8b7
3.Ng1f3 e6
4.Nb1c3 d5
5.cxd5 exd5
6.Bc1f4 Bf8d6
7.Qd1d2 Bd6xf4
8.Qd2xf4 Ng8f6
9.Nc3b5 Nb8a6
10.e3 Qd8e7
11.a3 O-O
12.Ra1c1 c6
13.Nb5d6 Ra8d8
14.Nd6f5 Qe7e4
15.Qf4g5 Qe4g4
16.Nf5h6 Kh8
17.Nh6xg4 Nf6xg4
18.Qg5xg4 c5
19.Bf1e2 c4
20.Nf3e5 { resign }
1-0

[Event "Tourn. n9431"]
[Site "www.chess-mail.com"]
[Date "2017.07.29"]
[Round "1"]
[White "Pachi"]
[Black "Dussek"]
[WhiteElo "1560"]
[BlackElo "1609"]
[Result "0-1"]
[Round "1"]
1.e4 e5
2.Ng1f3 Nb8c6
3.Bf1b5 d6
4.Bb5xc6 bxc6
5.b3 Ng8f6
6.d3 Bf8e7
7.d4 Bc8a6
8.Nb1c3 exd4
9.Qd1xd4 O-O
10.Bc1g5 c5
11.Qd4a4 Ba6c8
12.O-O Bc8d7
13.Qa4a5 h6
14.Bg5xf6 Be7xf6
15.Rf1e1 Bd7e6
16.Ra1d1 Qd8c8
17.Nc3b5 a6
18.Nb5xc7 Ra8a7
19.Nc7xe6 Qc8xe6
20.a3 Bf6d8
21.Qa5c3 Bd8f6
22.e5 Bf6xe5
23.Nf3xe5 dxe5
24.Re1xe5 Qe6f6
25.Qc3xc5 Ra7a8
26.Rd1d6 Qf6f4
27.g3 Qf4c1
28.Kg2 Ra8c8
29.Rd6c6 Rc8d8
30.Re5e4 Qc1d2
31.Re4g4 Qd2d5
32.Kf1 Qd5d1
33.Kg2 Qd1xg4
34.Rc6xa6 Qg4e4
35.Kh3 Rd8d5
36.Qc5c6 Rd5h5
{ resign }
0-1

[Event "Match"]
[Site "www.echecsemail.com"]
[Date "2017.07.29"]
[Round "1"]
[White "Bjonil60"]
[Black "Orae"]
[WhiteElo "1480"]
[BlackElo "1720"]
[Result "0-1"]
[Round "1"]
1.d4 e6
2.Ng1f3 Nb8c6
3.e3 d5
4.Nb1c3 Bf8b4
5.Bc1d2 f6
6.Qd1e2 a6
7.O-O-O a5
8.Qe2b5 Qd8d7
9.Bf1e2 Ng8e7
10.a3 Bb4d6
11.g3 h5
12.h3 b6
13.Qb5d3 Bc8a6
14.b3 Ba6xd3
15.Be2xd3 Bd6xa3
16.Kb1 a4
17.Ka2 Ba3b4
18.Nc3b1 Bb4xd2
19.Rd1xd2 Nc6b4
20.Ka1 axb3
21.Kb2 Ra8a2
22.Kc3 c5
23.dxc5 Qd7a4
24.Rd2e2 bxc5
25.Kd2 b2
26.Nb1c3 Qa4a3
27.Nc3b1 Qa3a5
28.c3 Nb4c6
29.Nf3h4 c4
30.Bd3c2 Ra2a1
31.Rh1h2 Qa5a2
32.Rh2h1 Nc6a5
33.Nh4f3 Na5b3
34.Bc2xb3 Qa2xb3
35.g4 Qb3a2
36.Kc2 Qa2b3
37.Kd2 Qb3a2
38.Re2e1 Kf7
39.Ke2 Qa2a4
40.Nf3d2 Qa4c2
41.Re1c1 Qc2d3
42.Kd1 bxc1Q
43.Kxc1 Qd3xc3
44.Kd1 Qc3d3
45.f3 Ra1xb1

0-1

[Event "Match"]
[Site "www.echecsemail.com"]
[Date "2017.07.29"]
[Round "1"]
[White "Orae"]
[Black "Cal"]
[WhiteElo "1720"]
[BlackElo "1660"]
[Result "1-0"]
[Round "1"]
1.e4 c5
2.Ng1f3 h6
3.Bf1c4 e6
4.Nf3e5 d6
5.Ne5f3 a6
6.Nb1c3 Ng8f6
7.d4 cxd4
8.Nf3xd4 e5
9.Nd4f3 Nb8c6
10.Bc1e3 b5
11.Bc4d5 Bc8b7
12.Qd1d2 Bf8e7
13.Nf3h4 Nc6a5
14.Nh4f5 Qd8d7
15.Nf5xg7 Kf8
16.Ng7f5 Bb7xd5
17.Nf5xe7 Qd7xe7
18.exd5 Na5c4
19.Qd2c1 b4
20.Be3xh6 Ke8
21.Qc1g5 Kd7
22.Qg5f5 Kc7
23.Bh6g5 Qe7d7
24.Qf5xf6 Nc4xb2
25.Nc3e4 Nb2c4
26.Ra1b1 a5
27.O-O Ra8g8
28.h4 Rg8g6
29.Qf6xh8 Nc4a3
30.Rb1c1 a4
31.Ne4f6 Qd7e7
32.Nf6e8 Qe7xe8
33.Qh8xe8 Rg6g7
34.Bg5d8 Kb7
35.Qe8c6 Kb8
36.Qc6xd6 Kb7
37.Qd6c6 Ka7
38.Bd8b6 Kb8
39.Qc6c7 Ka8
40.Qc7a7 { resign }
1-0

[Event "Match"]
[Site "www.echecsemail.com"]
[Date "2017.07.29"]
[Round "1"]
[White "Kevinking"]
[Black "Aliboron"]
[WhiteElo "1930"]
[BlackElo "1479"]
[Result "0-1"]
[Round "1"]
1.e4 Ng8f6
2.e5 Nf6d5
3.d4 d6
4.Ng1f3 g6
5.Bf1c4 Nd5b6
6.Bc4b3 Bf8g7
7.a4 a5
8.Nf3g5 O-O
9.e6 fxe6
10.Bb3xe6 Bc8xe6
11.Ng5xe6 Qd8d7
12.Ne6xf8 Bg7xf8
13.O-O Nb8c6
14.Nb1c3 Bf8g7
15.Bc1e3 Nb6c4
16.b3 Nc4b6
 { time }
0-1

[Event "Match"]
[Site "www.echecsemail.com"]
[Date "2017.07.29"]
[Round "1"]
[White "Ketchuplover"]
[Black "Wagner"]
[WhiteElo "1790"]
[BlackElo "1810"]
[Result "1-0"]
[Round "1"]
1.c4 e5
2.g3 c6
3.Bf1g2 Bf8c5
4.e3 d6
5.Ng1e2 a5
6.O-O d5
7.cxd5 cxd5
8.Nb1c3 e4
9.d3 Bc8f5
10.dxe4 dxe4
11.Qd1xd8 Kxd8
12.Nc3xe4 Bc5e7
13.Ne2d4 Bf5xe4
14.Bg2xe4 Ra8a7
15.Rf1d1 Kc8
16.Nd4b5 Ra7a6
17.Be4f5 Ra6e6
18.Bf5xe6 fxe6
19.Nb5d6 Be7xd6
20.Rd1xd6  { time }
1-0

[Event "Match"]
[Site "www.echecsemail.com"]
[Date "2017.07.29"]
[Round "1"]
[White "Comrade"]
[Black "Liencam2"]
[WhiteElo "2260"]
[BlackElo "2300"]
[Result "1-0"]
[Round "1"]
1.c4 e5
2.Nb1c3 d6
3.g3 g6
4.Bf1g2 Bf8g7
5.e3 f5
6.d4 Nb8d7
7.Ng1e2 Ng8f6
8.O-O O-O
9.Bc1d2 Rf8e8
10.Qd1c2 Nd7b6
11.b3 Ra8b8
12.Ra1d1 Qd8e7
13.Rf1e1 a6
14.dxe5 dxe5
15.e4 Bc8e6
16.Nc3d5 Be6xd5
17.exd5 Nb6d7
18.Ne2f4 Nd7f8
19.Bd2c3 Nf6d7
20.Nf4d3 b5
21.Nd3b4 Qe7f6
22.Nb4c6 Rb8a8
23.f4 Qf6d6
24.Qc2b2 bxc4
25.fxe5 Qd6c5
26.Bc3d4 Qc5b5
27.e6 Bg7xd4
28.Nc6xd4 Qb5b6
29.exd7 Nf8xd7
30.d6 Re8xe1
31.Rd1xe1 { resign }
1-0

[Event "Match"]
[Site "www.echecsemail.com"]
[Date "2017.07.29"]
[Round "1"]
[White "Roque1"]
[Black "Castletyme"]
[WhiteElo "1990"]
[BlackElo "2050"]
[Result "1-0"]
[Round "1"]
1.e4 e6
2.d4 d5
3.e5 Nb8c6
4.Bf1b5 Bc8d7
5.Ng1f3 h6
6.O-O Nc6e7
7.Bb5xd7 Qd8xd7
8.Nb1c3 O-O-O
9.a4 Ne7f5
10.Bc1d2 g5
11.Nc3a2 Ng8e7
12.a5 Ne7g6
13.b4 Ng6h4
14.Nf3xh4 Nf5xh4
15.Na2c1 Qd7b5
16.Nc1d3 Nh4f5
17.Qd1f3 Nf5xd4
18.Qf3xf7 Qb5d7
19.Qf7h5 Nd4xc2
20.Ra1c1 Nc2d4
21.Bd2e3 Nd4c6
22.Be3c5 Bf8xc5
23.Nd3xc5 Qd7e8
24.Qh5e2 Nc6xb4
25.Rc1b1  { time }
1-0

[Event "Tourn. n9364"]
[Site "www.chess-mail.com"]
[Date "2017.07.30"]
[Round "1"]
[White "Chessington"]
[Black "Seger"]
[WhiteElo "2470"]
[BlackElo "2650"]
[Result "1-0"]
[Round "1"]
1.Ng1f3 d5
2.b3 Ng8f6
3.Bc1b2 b6
4.e3 e6
5.c4 Bc8b7
6.Nb1c3 Nb8d7
7.d4 Bf8d6
8.g3 O-O
9.Bf1g2 dxc4
10.bxc4 c5
11.O-O Ra8c8
12.Qd1e2 Rf8e8
13.Rf1d1 cxd4
14.exd4 Bd6b4
15.Ra1c1 Qd8c7
16.Nc3b5 Qc7b8
17.Nb5a3 h6
18.Na3c2 Bb4f8
19.Nc2e3 Bb7c6
20.Bg2h3 Rc8d8
21.d5 exd5
22.Bh3xd7 Nf6xd7
23.cxd5 Bc6a8
24.Nf3h4 Nd7e5
25.Nh4f5 Qb8b7
26.h4 b5
27.h5 Qb7d7
28.a4 Ne5c4
29.Rc1xc4 Qd7xd5
30.Rd1xd5 { resign }
1-0

[Event "Tourn. n9386"]
[Site "www.chess-mail.com"]
[Date "2017.07.30"]
[Round "1"]
[White "Bojan"]
[Black "Winston"]
[WhiteElo "1990"]
[BlackElo "1940"]
[Result "1-0"]
[Round "1"]
1.e4 e6
2.d4 d5
3.exd5 exd5
4.Qd1f3 Nb8c6
5.c3 Ng8f6
6.Bf1d3 Bc8g4
7.Qf3e3 Qd8e7
8.f3 Qe7xe3
9.Bc1xe3 Bg4h5
10.Ng1e2 Bf8d6
11.Ne2f4 Bd6xf4
12.Be3xf4 O-O-O
13.O-O Rd8e8
14.Nb1d2 Re8e7
15.Kf2 Rh8e8
16.Nd2b3 Nf6d7
17.Rf1e1 Re7xe1
18.Ra1xe1 Re8xe1
19.Kxe1 h6
20.Kf2 Nd7b6
21.g4 Bh5g6
22.Bd3xg6 fxg6
23.Bf4c1 Nb6c4
24.Nb3d2 Nc4xd2
25.Bc1xd2 Nc6e7
26.a4 g5
27.b3 Ne7g6
28.Kg3 Kd7
29.c4 dxc4
30.bxc4 Ke6
31.Bd2e3 Ng6f4
32.d5 Ke5
33.Be3xa7 Nf4e2
34.Kf2 Ne2d4
35.Ba7b8 Kd6
36.Ke3 Nd4c2
37.Ke4 g6
38.a5 Nc2b4
39.Bb8a7 c6
40.Ba7b8 Kd7
41.Ke5 cxd5
42.cxd5 Ke7
43.d6 Kd7
44.Kf6 Nb4c6
45.Bb8c7 Nc6a7
46.Kxg6 Na7c8
47.Kxh6 Nc8xd6
48.Bc7xd6 { resign }
1-0

[Event "Tourn. n9324"]
[Site "www.chess-mail.com"]
[Date "2017.07.30"]
[Round "1"]
[White "Passaroa25"]
[Black "Azulmarino"]
[WhiteElo "1610"]
[BlackElo "1570"]
[Result "0-1"]
[Round "1"]
1.e4 d5
2.f3 dxe4
3.fxe4 e5
4.d3 Bf8c5
5.Ng1e2 Qd8f6
6.Kd2 Bc8g4
7.h3 Qf6f4
8.Ne2xf4 Bg4xd1
9.Kxd1 Ng8f6
10.Nf4e2 Nb8c6
11.c3 O-O
12.Ne2g3 Bc5f2
13.Ng3f5 Ra8d8
14.Nb1d2 a6
15.Ke2 Bf2c5
16.Nd2b3 Bc5b6
17.Bc1e3 Bb6xe3
18.Nf5xe3 b6
19.Ne3g4 Rd8d6
20.Kf3 h5
21.Ng4e3 a5
22.Kf2 g6
23.Ne3c4 Rd6d8
24.Bf1e2 a4
25.Nb3d2 b5
26.Nc4a3 b4
27.Na3c4 h4
28.a3 bxc3
29.bxc3 Rd8b8
30.Nd2f3 Rf8e8
31.Nf3g5 Kg7
32.Rh1c1 Re8d8
33.Nc4e3 Nc6a5
34.Ra1a2 Na5c6
35.Ne3c4 Kh6
36.Ng5xf7 Kg7
37.Nf7xd8 Rb8xd8
38.Ke3 Rd8b8
39.Be2f3 g5
40.Rc1c2 Rb8b1
41.Bf3g4 Rb1e1
42.Rc2e2 Re1f1
43.Kd2 Nf6xg4
44.hxg4 Nc6d8
45.Nc4xe5 Nd8e6
46.Ne5f3 Ne6f4
47.Nf3h2 Rf1h1
48.Nh2f3 h3
49.Nf3xg5 hxg2
50.Ng5f3 Rh1h3
51.Re2f2 Rh3xf3
52.Ke1 g1Q
53.Rf2f1 Qg1xf1
54.Kd2 Qf1e2
{ resign }
0-1

[Event "Tourn. n9459"]
[Site "www.chess-mail.com"]
[Date "2017.07.30"]
[Round "1"]
[White "Picifarkinca"]
[Black "Odin"]
[WhiteElo "1940"]
[BlackElo "1820"]
[Result "1-0"]
[Round "1"]
1.e4 c5
2.Ng1f3 d5
3.exd5 Qd8xd5
4.Nb1c3 Qd5d8
5.d4 Bc8g4
6.Bf1c4 cxd4
7.Nf3e5 Bg4xd1
8.Bc4xf7 
1-0

[Event "Tourn. n9441"]
[Site "www.chess-mail.com"]
[Date "2017.07.30"]
[Round "1"]
[White "Madz123456"]
[Black "Guidom"]
[WhiteElo "2010"]
[BlackElo "2070"]
[Result "0-1"]
[Round "1"]
1.e4 e5
2.Ng1f3 Nb8c6
3.Bf1b5 a6
4.Bb5a4 Ng8f6
5.d3 d6
6.Nb1d2 Bc8d7
7.c3 Bf8e7
8.Nd2f1 O-O
9.Nf1e3 h6
10.O-O Bd7g4
11.Ne3xg4 Nf6xg4
12.d4 b5
13.Ba4c2 Qd8d7
14.dxe5 Ng4xe5
15.Nf3xe5 Nc6xe5
 { time }
0-1

[Event "Tourn. n9448"]
[Site "www.chess-mail.com"]
[Date "2017.07.30"]
[Round "1"]
[White "Picifarkinca"]
[Black "Fabos12"]
[WhiteElo "1940"]
[BlackElo "1950"]
[Result "1-0"]
[Round "1"]
1.e4 e5
2.d4 exd4
3.f4 Nb8c6
4.Bf1d3 d5
5.e5 Bf8c5
6.Ng1f3 Bc8g4
7.O-O f6
8.Kh1 Qd8d7
9.Qd1e1 O-O-O
10.Nb1d2 h5
{ time. }
1-0

[Event "Tourn. n9439"]
[Site "www.chess-mail.com"]
[Date "2017.07.30"]
[Round "1"]
[White "Azulmarino"]
[Black "Fantomas"]
[WhiteElo "1600"]
[BlackElo "1780"]
[Result "0-1"]
[Round "1"]
1.e4 e5
2.Ng1f3 Nb8c6
3.Nb1c3 Ng8f6
4.Bf1c4 Nf6xe4
5.Nc3xe4 d5
6.Bc4xd5 Qd8xd5
7.d3 Bc8g4
8.a3 Nc6d4
9.Ne4c3 Nd4xf3
10.Ke2 Nf3d4
11.Kf1 Bg4xd1
12.Nc3xd5 Kd7
13.Bc1e3 Bd1xc2
14.Be3xd4 Bc2xd3
15.Ke1 exd4
16.Ra1d1 Bd3c4
17.Rd1xd4 Bc4xd5
18.Rd4xd5 Bf8d6
19.Kd1 Rh8e8
20.h4 Re8e6
21.Rh1h3 Ra8e8
22.Kc2 Re6e2
23.Kb3 Re2xf2
24.g4 Re8e2
25.Kc3 Re2xb2
26.Rh3d3 Rf2c2
27.Kd4 c5
28.Ke4 Rc2e2
29.Kf3 Re2f2
30.Ke4 Rb2e2
31.Rd3e3 Rf2f4
32.Kd3 Re2xe3
33.Kxe3 Rf4xg4
34.Rd5h5 h6
35.Rh5f5 Ke6
36.Rf5f2 f5
37.Rf2e2 Rg4e4
38.Kd3 Re4xe2
39.Kxe2 f4
40.a4 c4
41.a5 g5
{ resign }
0-1

[Event "Tourn. n9389"]
[Site "www.chess-mail.com"]
[Date "2017.07.30"]
[Round "1"]
[White "Falcoale"]
[Black "Claymil"]
[WhiteElo "2030"]
[BlackElo "2080"]
[Result "0-1"]
[Round "1"]
1.e4 c5
2.b3 Nb8c6
3.Bc1b2 e5
4.Ng1f3 d6
5.c3 g6
6.Bf1e2 Bf8g7
7.h3 Ng8f6
8.d3 O-O
9.O-O a6
10.Nb1d2 b5
11.Nf3h2 Bc8e6
12.f4 exf4
13.Rf1xf4 d5
14.Be2f3 Bg7h6
15.Rf4xf6 Qd8xf6
16.Nh2g4 Be6xg4
17.Bf3xg4 Bh6e3
18.Kh1 Nc6e5
19.Bg4e2 dxe4
20.Nd2xe4 Qf6f4
21.c4 Ne5c6
22.Qd1f1 Qf4xf1
23.Ra1xf1 Nc6d4
24.Be2d1 Nd4f5
25.Ne4f6 Kg7
26.Kh2 Be3d4
27.Bb2xd4 Nf5xd4
28.Nf6d5 f5
29.Nd5f4 Ra8e8
30.Nf4d5 Re8e5
31.Nd5c7 Rf8f6
32.Nc7d5 Rf6e6
33.Nd5f4 Re6d6
34.cxb5 axb5
35.a4 bxa4
36.bxa4 Rd6a6
37.Kg1 Nd4e6
38.Nf4xe6 Ra6xe6
39.Bd1b3 Re6e7
40.Bb3c4 Re5e2
41.a5 Re2c2
42.a6 Re7a7
43.Rf1b1 Kf6
44.Rb1b6 Kg5
45.Kf1 Kf4
46.Rb6b7 Ra7a8
47.Rb7xh7 Ra8b8
48.a7 Rb8b1

0-1

[Event "Tourn. n9455"]
[Site "www.chess-mail.com"]
[Date "2017.07.30"]
[Round "1"]
[White "Prize64"]
[Black "Cjood"]
[WhiteElo "2040"]
[BlackElo "1980"]
[Result "0-1"]
[Round "1"]
1.e4 g5
2.d4 e6
3.f4 gxf4
4.Bc1xf4 Qd8h4
5.g3 Qh4e7
6.Bf1g2 Qe7b4
7.c3 Qb4xb2
8.Qd1e2 Qb2xa1
9.Qe2c2 Nb8a6
10.Ng1e2 Bf8a3
{ resign }
0-1

[Event "Tourn. n9413"]
[Site "www.chess-mail.com"]
[Date "2017.07.30"]
[Round "1"]
[White "Azulmarino"]
[Black "Passaroa25"]
[WhiteElo "1510"]
[BlackElo "1660"]
[Result "1-0"]
[Round "1"]
1.e4 c6
2.c4 d6
3.d3 Bc8e6
4.Ng1f3 f6
5.Nb1c3 Be6f7
6.Bc1f4 e5
7.Bf4e3 Ng8e7
8.g3 Nb8d7
9.Bf1h3 Ne7c8
10.O-O Bf8e7
11.Qd1b3 Nc8b6
12.Be3xb6 Nd7xb6
13.g4 g5
14.Rf1e1 O-O
15.Nc3e2 Qd8d7
16.Ne2g3 Qd7c8
17.Ng3f5 Qc8d7
18.Ra1c1 Bf7g6
19.c5 Bg6f7
20.Nf5h6 Kg7
21.Nh6f5 Kg8
22.Qb3c3 Bf7xa2
23.cxb6 axb6
24.Re1d1 Ba2f7
25.d4 b5
26.dxe5 fxe5
27.Nf3xe5 Qd7e6
28.Ne5d7 Be7f6
29.Nd7xf6 Kh8
30.Nf6e8 Kg8
31.Qc3g7 
1-0

[Event "Tourn. n9432"]
[Site "www.chess-mail.com"]
[Date "2017.07.30"]
[Round "1"]
[White "Claymil"]
[Black "Madz123456"]
[WhiteElo "2040"]
[BlackElo "1940"]
[Result "1-0"]
[Round "1"]
1.c4 e5
2.Nb1c3 Bf8b4
3.g3 Ng8f6
4.Bf1g2 O-O
5.e3 Bb4xc3
6.bxc3 Rf8e8
7.Ng1e2 e4
8.h3 Nb8c6
9.O-O Nc6e5
10.Qd1b3 b6
11.Ne2f4 Bc8a6
12.Qb3c2 Ba6xc4
13.Rf1d1 d5
14.Bg2f1 g5
15.Nf4e2 Bc4d3
16.Qc2b3 Qd8d7
17.Kg2 Bd3c4
18.Qb3b4 Ne5d3
19.Qb4b1  { time }
1-0